Normal view
MARC view
Entry Personal Name
001 - CONTROL NUMBER
- control field: 1214959
003 - CONTROL NUMBER IDENTIFIER
- control field: OSt
005 - DATE AND TIME OF LATEST TRANSACTION
- control field: 20260324143241.0
008 - FIXED-LENGTH DATA ELEMENTS
- fixed length control field: 260324|| aca||aabn | a|a d
040 ## - CATALOGING SOURCE
- Original cataloging agency: OSt
- Transcribing agency: OSt
100 ## - HEADING--PERSONAL NAME
- Personal name: Tony Brewer
670 ## - SOURCE DATA FOUND
- Source citation: Work cat.: (OSt)1820109: Tony Brewer, Richard Cantillon
